000 00636nam a22001697a 4500
008 100317r20072009ii|||||r|||| 001 0 eng d
020 _a9788122420739
082 _222
_a671.52
_bKHA
100 _912847
_aKhan, Ibrahim
245 _aWelding Science and Technology/
_cIbrahim Khan
260 _aNew Delhi:
_bNew Age, 2007
_c2007
300 _a278 p. :
_bill.;
_c24 cm.
504 _aIncludes bibliographical references (p.268-272) and index
650 _912848
_aWelding
942 _2ddc
_cBB
999 _c13719
_d13719